Estatísticas para Cultura Geral

Clique aqui para jogar o quiz

Estatísticas Gerais

  • Esse quiz foi jogado 46 vezes
  • A pontuação média é 8 de 15

Estatísticas das Respostas

HintResposta% Correto
Que animal ás riscas começa com a letra Z?Zebra
97%
Qual animal é o símbolo da paz?Pomba
95%
Como se diz Bom dia em francês?Bon Jour
89%
Que nome damos a uma pessoa que não usa produtos de origem animal?Vegan
84%
Que nome damos a uma pessoa que nunca fez sexo?Virgem
84%
Em que país nasceu o Taoismo?China
58%
Que animal é o logo do sistema Linux?Pinguim
55%
Em que país fica o museu Museu Frida Kahlo?México
53%
Qual é o cargo de alguém que faz café e bebidas expresso?Barista
34%
Como se chama a equipa de baseball de Nova Iorque?Yankees
26%
Que instrumento curvo é usado para facilitar o calcanhar em um sapato?Calçadeira
24%
Que nome damos ao governante do Dubai ou Abu Dhabi?Emir
24%
Em qual cidade você encontraria os distritos de Roppongi e Asakusa?Tóquio
24%
No Yin Yang a que corresponde o Yin?Noite
8%
Por volume qual é o maior rio do mundo?Amozonas
0%

Distribuição das Pontuações

Percentil de Números Respondidos

Porcentagem de Pessoas com Cada Pontuação

Sua Pontuação Histórica

Você não jogou esse quiz